000 00732nam a2200253 4500
003 OSt
005 20260601171003.0
008 260507b1984\\\\|||a||||\||||\001\0\spa\d
020 _a9684051379
040 _aICI
_bspa
_cICI
050 _aHT166
_bS35
100 1 _aSchjetnan, Mario
_931802
245 1 _aPrincipios de Diseño Urbano / Ambiental
264 _bEditorial Concepto
_c1984
_aMéxico
300 _a157 páginas
336 _atexto
_2rdacontent
337 _asin medio
_2rdamedia
338 _avolumen
_2rdacarrier
650 _aUrbanismo
_xAspectos Ambientales
650 _aArquitectura de paisaje
_931804
700 _aCalvillo, Jorge
_eAutor
_931805
700 _aPeniche, Manuel
_eAutor
_931806
942 _2lcc
_cB
_n1
999 _c20171
_d20171